| 000 -ლიდერი |
| ფიქსირებული სიგრძის საკონტროლო ველი |
00729nam a22001697a 4500 |
| 003 - საკონტროლო ნომრის იდენტიფიკატორი |
| საკონტროლო ველი |
Ge_BSU |
| 005 - ბოლო ოპერაციის თარიღი და დრო |
| საკონტროლო ველი |
20190605154621.0 |
| 008 - ფიქსირებული სიგრძის მონაცემთა ელემენტები - ზოგადი ინფორმაცია |
| ფიქსირებული სიგრძის საკონტროლო ველი |
190605b1977 ||||| |||| 00| 0 geo d |
| 041 ## - ენის კოდი |
| Language code of text/sound track or separate title |
geo |
| 080 ## - უნივერსალური ათობითი კლასიფიკაციის ინდექსი |
| Universal Decimal Classification number |
681.5.01(075.8) მ-30 |
| 245 ## - ცნობა სათაურის შესახებ |
| Title |
ავტომატური მართვის თეორია. ნაწ. 1 / |
| Statement of responsibility, etc |
ა. ნეტუშილის საერთო რედ. |
| 264 ## - წარმოების, გამოცემის, დისტრიბუციის და სხვა ცნობები |
| გამოცემის, წარმოების, დისტრიბუციის... ადგილი |
თბილისი : |
| გამოცემის, წარმოების, დისტრიბუციის... სახელწოდება |
განათლება, |
| გამოცემის, წარმოების, დისტრიბუციის... თარიღი |
1977. |
| 300 ## - ფიზიკური აღწერა |
| Extent |
458 გვ. : |
| Other physical details |
ილ. |
| Dimensions |
22 სმ. |
| 653 ## - INDEX TERM--UNCONTROLLED |
| Uncontrolled term |
ავტომატური მართვის თეორია |
| 700 ## - ADDED ENTRY--PERSONAL NAME |
| Personal name |
ნეტუშილი, ა |
| Relator term |
საერთო რედაქციით |
| 9 (RLIN) |
2112 |
| 942 ## - ADDED ENTRY ELEMENTS (KOHA) |
| Source of classification or shelving scheme |
|
| Koha item type |
წიგნი |